[Event "WTCC-50 2018"]
[Site "Radebeul"]
[Date "2018.07.11"]
[Round "5"]
[White "Wong, Meng Kong"]
[Black "Pruefer, Friedbert"]
[Result "1/2-1/2"]
[WhiteElo "2248"]
[BlackElo "2172"]
[Annotator "NA"]
[PlyCount "97"]
[EventDate "2018.07.07"]
[EventType "team-tourn"]
[EventCountry "GER"]
[SourceTitle "playchess.com"]
[Source "ChessBase"]
[SourceQuality "1"]
[TimeControl "40/5400+30:1800+30"]

1. g3 {[%emt 0:00:00]} d5 {[%emt 0:00:05]} 2. f4 {[%emt 0:00:32]} Nc6 {[%emt 0:04:53]} 3. Nf3 {[%emt 0:00:07]} Nf6 {[%emt 0:03:36]} 4. c3 {[%emt 0:01:27]} g6 {[%emt 0:01:13]} 5. Bg2 {[%emt 0:01:16]} Bg7 {[%emt 0:00:03]} 6. O-O {[%emt 0:00:59]} O-O {[%emt 0:00:13]} 7. Na3 {[%emt 0:05:32]} Qd6 {[%emt 0:05:54]} 8. d4 {[%emt 0:05:05]} Bf5 {[%emt 0:03:01]} 9. Nc2 {[%emt 0:01:49]} Be4 {[%emt 0:04:00]} 10. Ne3 {[%emt 0:02:30]} e6 {[%emt 0:04:31]} 11. Bh3 {[%emt 0:01:30]} Ne7 {[%emt 0:01:46]} 12. Ng5 {[%emt 0:03:15]} c5 {[%emt 0:02:00]} 13. Nxe4 {[%emt 0:00:13]} Nxe4 {[%emt 0:00:20]} 14. Nc2 {[%emt 0:02:03]} c4 {[%emt 0:06:13]} 15. Bg2 {[%emt 0:01:51]} Qc6 {[%emt 0:07:28]} 16. Ne3 {[%emt 0:02:39]} Rfc8 {[%emt 0:01:17]} 17. Ng4 {[%emt 0:01:20]} b5 {[%emt 0:04:13]} 18. Nf2 {[%emt 0:00:48]} f5 {[%emt 0:01:47]} 19. e3 {[%emt 0:01:08]} a5 {[%emt 0:01:54]} 20. Bd2 {[%emt 0:00:53]} Rcb8 {[%emt 0:01:16]} 21. a3 {[%emt 0:00:19]} Nc8 {[%emt 0:01:44]} 22. Qc2 {[%emt 0:00:40]} Bf8 {[%emt 0:02:12]} 23. Nxe4 {[%emt 0:02:04]} dxe4 {[%emt 0:01:03]} 24. Rfc1 {[%emt 0:00:10]} a4 {[%emt 0:10:01]} 25. g4 {[%emt 0:01:04]} Ne7 {[%emt 0:01:32]} 26. Be1 {[%emt 0:00:44]} Nd5 {[%emt 0:00:18]} 27. Bf2 {[%emt 0:00:49]} Ra7 {[%emt 0:03:06]} 28. Qe2 {[%emt 0:00:25]} Be7 {[%emt 0:01:03]} 29. h3 {[%emt 0:00:51]} Bd8 {[%emt 0:00:43]} 30. Kh1 {[%emt 0:00:46]} Rbb7 {[%emt 0:01:50]} 31. Rc2 {[%emt 0:00:52]} Qe8 {[%emt 0:01:33]} 32. Rg1 {[%emt 0:00:23]} Kf8 {[%emt 0:00:49]} 33. Qe1 {[%emt 0:00:39]} h5 {[%emt 0:02:12]} 34. gxh5 {[%emt 0:01:42]} gxh5 {[%emt 0:01:50]} 35. Re2 {[%emt 0:01:12]} Rg7 {[%emt 0:01:49]} 36. Bf1 {[%emt 0:02:45]} Rxg1+ {[%emt 0:01:56]} 37. Bxg1 {[%emt 0:00:08]} Rg7 {[%emt 0:00:25]} 38. Rg2 {[%emt 0:00:07]} Rxg2 {[%emt 0:00:22]} 39. Bxg2 {[%emt 0:00:06]} Qg6 {[%emt 0:00:45]} 40. Bf2 {[%emt 0:00:55]} h4 {[%emt 0:07:45]} 41. Kg1 {[%emt 0:35:14]} Qh6 {[%emt 0:33:44]} 42. Kf1 {[%emt 0:02:51]} Qh5 {[%emt 0:00:38]} 43. Qe2 {[%emt 0:02:02]} Qxe2+ {[%emt 0:00:43]} 44. Kxe2 {[%emt 0:00:06]} Kg7 {[%emt 0:01:37]} 45. Bf1 {[%emt 0:00:13]} Kg6 {[%emt 0:00:35]} 46. Be1 {[%emt 0:00:35]} Be7 {[%emt 0:01:50]} 47. Bd2 {[%emt 0:00:52]} Nb6 {[%emt 0:00:44]} 48. Kd1 {[%emt 0:00:40]} Kh6 {[%emt 0:01:00]} 49. Ke2 1/2-1/2

[Event "WTCC-50 2018"]
[Site "Radebeul"]
[Date "2018.07.11"]
[Round "5"]
[White "Schunk, Thomas"]
[Black "Leow, Leslie M"]
[Result "0-1"]
[WhiteElo "2238"]
[BlackElo "2419"]
[Annotator "ChessBase"]
[PlyCount "166"]
[EventDate "2018.07.07"]
[EventType "team-tourn"]
[EventCountry "GER"]
[SourceTitle "playchess.com"]
[Source "ChessBase"]
[SourceQuality "1"]
[TimeControl "40/5400+30:1800+30"]

1. c4 {[%emt 0:00:00]} f5 {[%emt 0:00:00]} 2. g3 {[%emt 0:00:00]} Nf6 {[%emt 0:00:24]} 3. Bg2 {[%emt 0:00:07]} g6 {[%emt 0:00:07]} 4. Nc3 {[%emt 0:00:12]} Bg7 {[%emt 0:00:08]} 5. d4 {[%emt 0:00:11]} O-O {[%emt 0:00:39]} 6. Nf3 {[%emt 0:01:32]} d6 {[%emt 0:00:30]} 7. O-O {[%emt 0:00:20]} c6 {[%emt 0:01:20]} 8. Qc2 {[%emt 0:01:03]} Qc7 {[%emt 0:02:07]} 9. b3 {[%emt 0:05:57]} e5 {[%emt 0:02:15]} 10. dxe5 {[%emt 0:01:22]} dxe5 {[%emt 0:00:19]} 11. Ba3 {[%emt 0:00:28]} Re8 {[%emt 0:05:00]} 12. Rad1 {[%emt 0:00:35]} e4 {[%emt 0:01:37]} 13. Bd6 {[%emt 0:01:07]} Qa5 {[%emt 0:17:22]} 14. b4 {[%emt 0:06:27]} Qa6 {[%emt 0:03:02]} 15. b5 {[%emt 0:00:33]} Qa5 {[%emt 0:01:13]} 16. Nd4 {[%emt 0:00:27]} Bd7 {[%emt 0:08:34]} 17. Nb3 {[%emt 0:03:47]} Qd8 {[%emt 0:00:42]} 18. a4 {[%emt 0:00:27]} Be6 {[%emt 0:08:26]} 19. Nc5 {[%emt 0:07:48]} Qc8 {[%emt 0:02:54]} 20. f3 {[%emt 0:03:04]} exf3 {[%emt 0:04:52]} 21. exf3 {[%emt 0:02:47]} Bxc4 {[%emt 0:01:14]} 22. Rfe1 {[%emt 0:03:08]} Nbd7 {[%emt 0:20:02]} 23. N3e4 {[%emt 0:08:19]} Bd5 {[%emt 0:03:56]} 24. Nc3 {[%emt 0:01:10]} Bf7 {[%emt 0:02:13]} 25. Rxe8+ {[%emt 0:08:34]} Nxe8 {[%emt 0:00:51]} 26. Nxd7 {[%emt 0:00:43]} Qxd7 {[%emt 0:00:04]} 27. Bc5 {[%emt 0:00:14]} Qe6 {[%emt 0:02:29]} 28. Bf2 {[%emt 0:03:48]} Qc4 {[%emt 0:01:22]} 29. Rc1 {[%emt 0:00:35]} cxb5 {[%emt 0:00:29]} 30. Nxb5 {[%emt 0:05:31]} Qxc2 {[%emt 0:03:15]} 31. Rxc2 {[%emt 0:00:05]} Bb3 {[%emt 0:00:38]} 32. Rc1 {[%emt 0:00:54]} a6 {[%emt 0:00:23]} 33. Nd4 {[%emt 0:01:22]} Bxa4 {[%emt 0:00:03]} 34. f4 {[%emt 0:00:06]} Rd8 {[%emt 0:06:24]} 35. Ne6 {[%emt 0:01:01]} Rd7 {[%emt 0:00:08]} 36. Nc5 {[%emt 0:01:28]} Rd1+ {[%emt 0:00:11]} 37. Rxd1 {[%emt 0:00:10]} Bxd1 {[%emt 0:00:03]} 38. Bd5+ {[%emt 0:00:27]} Kh8 {[%emt 0:00:22]} 39. Nxb7 {[%emt 0:00:23]} Bc3 {[%emt 0:02:41]} 40. Bb6 {[%emt 0:02:51]} Be2 {[%emt 0:01:00]} 41. h3 {[%emt 0:32:31]} Nf6 {[%emt 0:02:11]} 42. Bc6 {[%emt 0:00:00]} Ne4 {[%emt 0:01:13]} 43. g4 {[%emt 0:00:00]} Kg7 {[%emt 0:01:25]} 44. gxf5 {[%emt 0:00:00]} gxf5 {[%emt 0:01:01]} 45. Bd7 {[%emt 0:00:00]} Kg6 {[%emt 0:02:16]} 46. Be8+ {[%emt 0:00:00]} Kf6 {[%emt 0:00:18]} 47. Bd7 {[%emt 0:00:00]} Bb5 {[%emt 0:01:56]} 48. Bc8 {[%emt 0:00:00]} Bd2 {[%emt 0:09:14]} 49. Bd8+ {[%emt 0:00:00]} Kg6 {[%emt 0:00:15]} 50. Bc7 {[%emt 0:00:00]} Nc5 {[%emt 0:01:32]} 51. Nd6 {[%emt 0:00:00]} Bd3 {[%emt 0:07:43]} 52. Bb6 {[%emt 0:00:00]} Na4 {[%emt 0:00:23]} 53. Bd4 {[%emt 0:00:00]} Bxf4 {[%emt 0:00:04]} 54. Nxf5 {[%emt 0:01:08]} Bxf5 {[%emt 0:00:27]} 55. Bxa6 {[%emt 0:00:06]} Bd6 {[%emt 0:00:43]} 56. Bb5 {[%emt 0:12:31]} Nc5 {[%emt 0:00:18]} 57. Be8+ {[%emt 0:01:54]} Kg5 {[%emt 0:00:48]} 58. Bc6 {[%emt 0:02:48]} Bxh3 {[%emt 0:01:52]} 59. Be3+ {[%emt 0:01:00]} Kf6 {[%emt 0:00:28]} 60. Bd4+ {[%emt 0:01:01]} Ke6 {[%emt 0:00:20]} 61. Be3 {[%emt 0:04:30]} Bf5 {[%emt 0:00:40]} 62. Bf3 {[%emt 0:00:56]} Kf6 {[%emt 0:00:57]} 63. Bd4+ {[%emt 0:01:27]} Kg6 {[%emt 0:00:11]} 64. Bc6 {[%emt 0:01:12]} h5 {[%emt 0:00:38]} 65. Be3 {[%emt 0:00:53]} h4 {[%emt 0:00:35]} 66. Bf3 {[%emt 0:04:54]} Nd3 {[%emt 0:01:30]} 67. Bc6 {[%emt 0:00:23]} Kf6 {[%emt 0:01:41]} 68. Kh1 {[%emt 0:01:16]} Ke6 {[%emt 0:00:50]} 69. Bb7 {[%emt 0:00:53]} Kf7 {[%emt 0:00:11]} 70. Bd5+ {[%emt 0:00:14]} Kg7 {[%emt 0:00:15]} 71. Bg5 {[%emt 0:00:48]} Bg3 {[%emt 0:00:55]} 72. Be3 {[%emt 0:00:51]} Kf6 {[%emt 0:00:31]} 73. Bd4+ {[%emt 0:00:54]} Kg5 {[%emt 0:00:13]} 74. Be3+ {[%emt 0:01:06]} Kg4 {[%emt 0:00:07]} 75. Kg1 {[%emt 0:02:47]} Bg6 {[%emt 0:00:24]} 76. Kh1 {[%emt 0:00:39]} Nf2+ {[%emt 0:00:19]} 77. Kg1 {[%emt 0:00:18]} Ne4 {[%emt 0:00:14]} 78. Be6+ {[%emt 0:00:50]} Kf3 {[%emt 0:00:13]} 79. Bh6 {[%emt 0:00:59]} Bf4 {[%emt 0:01:01]} 80. Bg7 {[%emt 0:00:19]} Kg3 {[%emt 0:00:29]} 81. Bd4 {[%emt 0:00:42]} Bh5 {[%emt 0:00:32]} 82. Bf5 {[%emt 0:00:49]} Bf3 {[%emt 0:00:26]} 83. Be6 {[%emt 0:01:13]} h3 {[%emt 0:00:40]} 0-1

[Event "WTCC-50 2018"]
[Site "Radebeul"]
[Date "2018.07.11"]
[Round "5"]
[White "Kempter, Ronald"]
[Black "Bischoff, Klaus"]
[Result "0-1"]
[WhiteElo "2233"]
[BlackElo "2510"]
[Annotator "ChessBase"]
[PlyCount "80"]
[EventDate "2018.07.07"]
[EventType "team-tourn"]
[EventCountry "GER"]
[SourceTitle "playchess.com"]
[Source "ChessBase"]
[SourceQuality "1"]
[TimeControl "40/5400+30:1800+30"]

1. Nf3 {[%emt 0:00:00]} Nf6 {[%emt 0:00:00]} 2. g3 {[%emt 0:00:00]} d5 {[%emt 0:00:32]} 3. Bg2 {[%emt 0:00:15]} c6 {[%emt 0:00:30]} 4. O-O {[%emt 0:00:45]} Nbd7 {[%emt 0:00:52]} 5. d4 {[%emt 0:02:05]} e6 {[%emt 0:01:32]} 6. b3 {[%emt 0:03:26]} b5 {[%emt 0:03:06]} 7. c4 {[%emt 0:02:35]} Be7 {[%emt 0:01:44]} 8. Qc2 {[%emt 0:01:52]} O-O {[%emt 0:01:35]} 9. Nbd2 {[%emt 0:03:38]} bxc4 {[%emt 0:03:10]} 10. bxc4 {[%emt 0:02:18]} Ba6 {[%emt 0:01:47]} 11. Re1 {[%emt 0:05:59]} c5 {[%emt 0:09:09]} 12. e4 {[%emt 0:21:31]} dxc4 {[%emt 0:06:00]} 13. Qa4 {[%emt 0:16:39]} Qc8 {[%emt 0:09:55]} 14. Nxc4 {[%emt 0:11:02]} cxd4 {[%emt 0:00:43]} 15. Nce5 {[%emt 0:02:57]} Nc5 {[%emt 0:20:09]} 16. Qxd4 {[%emt 0:11:09]} Ncxe4 {[%emt 0:00:29]} 17. Be3 {[%emt 0:04:12]} Rd8 {[%emt 0:01:04]} 18. Qa4 {[%emt 0:00:57]} Nc3 {[%emt 0:01:06]} 19. Qc2 {[%emt 0:02:18]} Ncd5 {[%emt 0:03:37]} 20. Qa4 {[%emt 0:02:23]} Nc3 {[%emt 0:01:33]} 21. Qc2 {[%emt 0:00:06]} Nfd5 {[%emt 0:00:13]} 22. Nxf7 {[%emt 0:01:18]} Kxf7 {[%emt 0:00:37]} 23. Qxh7 {[%emt 0:00:22]} Bf6 {[%emt 0:00:39]} 24. Ng5+ {[%emt 0:01:46]} Bxg5 {[%emt 0:00:08]} 25. Qh5+ {[%emt 0:00:17]} Kg8 {[%emt 0:00:17]} 26. Bxg5 {[%emt 0:00:46]} Re8 {[%emt 0:00:49]} 27. Rac1 {[%emt 0:00:24]} Qd7 {[%emt 0:00:39]} 28. Bd2 {[%emt 0:01:57]} Nf6 {[%emt 0:03:04]} 29. Qg5 {[%emt 0:00:29]} Ncd5 {[%emt 0:00:09]} 30. Re5 {[%emt 0:00:47]} Bd3 {[%emt 0:03:31]} 31. Rce1 {[%emt 0:00:31]} Bf5 {[%emt 0:00:36]} 32. h3 {[%emt 0:00:36]} Rac8 {[%emt 0:00:25]} 33. g4 {[%emt 0:00:29]} Bh7 {[%emt 0:00:11]} 34. Qh4 {[%emt 0:00:24]} Qf7 {[%emt 0:01:13]} 35. g5 {[%emt 0:00:41]} Nd7 {[%emt 0:00:47]} 36. R5e2 {[%emt 0:00:34]} Nc5 {[%emt 0:00:39]} 37. Qd4 {[%emt 0:00:25]} Red8 {[%emt 0:01:25]} 38. Ba5 {[%emt 0:00:25]} Nb6 {[%emt 0:00:47]} 39. Qg4 {[%emt 0:00:26]} Bf5 {[%emt 0:00:50]} 40. Qh4 {[%emt 0:00:35]} Nd3 {[%emt 0:00:31]} 0-1

[Event "WTCC-50 2018"]
[Site "Radebeul"]
[Date "2018.07.11"]
[Round "5"]
[White "Bruch, Jochen"]
[Black "Cummings, David H"]
[Result "1-0"]
[WhiteElo "2222"]
[BlackElo "2336"]
[Annotator "ChessBase"]
[PlyCount "117"]
[EventDate "2018.07.07"]
[EventType "team-tourn"]
[EventCountry "GER"]
[SourceTitle "playchess.com"]
[Source "ChessBase"]
[SourceQuality "1"]
[TimeControl "40/5400+30:1800+30"]

1. Nf3 {[%emt 0:00:00]} d5 {[%emt 0:00:00]} 2. g3 {[%emt 0:00:00]} Nf6 {[%emt 0:00:02]} 3. Bg2 {[%emt 0:00:00]} e6 {[%emt 0:00:18]} 4. O-O {[%emt 0:00:00]} c5 {[%emt 0:00:06]} 5. d3 {[%emt 0:00:00]} Nc6 {[%emt 0:00:13]} 6. Nbd2 {[%emt 0:00:00]} Be7 {[%emt 0:00:42]} 7. e4 {[%emt 0:00:00]} O-O {[%emt 0:00:10]} 8. Re1 {[%emt 0:00:00]} b5 {[%emt 0:00:37]} 9. e5 {[%emt 0:00:36]} Nd7 {[%emt 0:00:07]} 10. Nf1 {[%emt 0:00:08]} Bb7 {[%emt 0:00:34]} 11. h4 {[%emt 0:00:03]} Qc7 {[%emt 0:00:22]} 12. Bf4 {[%emt 0:00:02]} Rfc8 {[%emt 0:01:28]} 13. h5 {[%emt 0:00:34]} h6 {[%emt 0:00:29]} 14. N1h2 {[%emt 0:00:24]} Qd8 {[%emt 0:01:00]} 15. Ng4 {[%emt 0:02:15]} Bf8 {[%emt 0:00:55]} 16. c3 {[%emt 0:05:30]} a5 {[%emt 0:02:07]} 17. Qd2 {[%emt 0:02:33]} b4 {[%emt 0:02:06]} 18. c4 {[%emt 0:02:54]} Nb6 {[%emt 0:02:31]} 19. Qc1 {[%emt 0:06:21]} Ra7 {[%emt 0:06:05]} 20. Ne3 {[%emt 0:05:39]} Nd4 {[%emt 0:03:59]} 21. Nd2 {[%emt 0:08:06]} a4 {[%emt 0:09:14]} 22. Qd1 {[%emt 0:07:34]} Kh8 {[%emt 0:14:31]} 23. Rc1 {[%emt 0:04:27]} dxc4 {[%emt 0:15:14]} 24. dxc4 {[%emt 0:01:27]} Bxg2 {[%emt 0:00:10]} 25. Kxg2 {[%emt 0:00:24]} Rd7 {[%emt 0:00:21]} 26. Qg4 {[%emt 0:02:27]} Qc7 {[%emt 0:02:02]} 27. Ne4 {[%emt 0:06:32]} Qc6 {[%emt 0:00:16]} 28. f3 {[%emt 0:00:54]} Rcd8 {[%emt 0:00:48]} 29. Qh3 {[%emt 0:10:42]} b3 {[%emt 0:05:33]} 30. a3 {[%emt 0:02:23]} Nxf3 {[%emt 0:06:02]} 31. Kxf3 {[%emt 0:02:26]} Rd3 {[%emt 0:08:20]} 32. Qh1 {[%emt 0:06:54]} f5 {[%emt 0:06:02]} 33. exf6 {[%emt 0:01:46]} gxf6 {[%emt 0:00:09]} 34. Ke2 {[%emt 0:04:00]} f5 {[%emt 0:03:35]} 35. Nf2 {[%emt 0:02:47]} Rd2+ {[%emt 0:00:25]} 36. Kf1 {[%emt 0:00:02]} Qd7 {[%emt 0:06:05]} 37. Rcd1 {[%emt 0:05:44]} Qf7 {[%emt 0:01:40]} 38. Qc6 {[%emt 0:07:40]} Rxd1 {[%emt 0:00:32]} 39. Rxd1 {[%emt 0:01:07]} Rxd1+ {[%emt 0:00:17]} 40. Nfxd1 {[%emt 0:00:35]} Nd7 {[%emt 0:00:42]} 41. Bd6 {[%emt 0:33:12]} Bg7 {[%emt 0:33:45]} 42. Qxa4 {[%emt 0:00:00]} Ne5 {[%emt 0:00:00]} 43. Qxb3 {[%emt 0:00:00]} Nc6 {[%emt 0:00:00]} 44. Qb6 {[%emt 0:00:00]} Nd4 {[%emt 0:00:00]} 45. Bxc5 {[%emt 0:00:00]} Nf3 {[%emt 0:00:00]} 46. Kf2 {[%emt 0:00:00]} Ng5 {[%emt 0:00:00]} 47. Ke2 {[%emt 0:00:05]} Qxh5+ {[%emt 0:00:00]} 48. Kd3 {[%emt 0:00:03]} Qf3 {[%emt 0:00:31]} 49. Qb8+ {[%emt 0:01:45]} Kh7 {[%emt 0:00:06]} 50. Qf4 {[%emt 0:01:29]} Qb7 {[%emt 0:01:03]} 51. Kc2 {[%emt 0:00:34]} Ne4 {[%emt 0:00:16]} 52. Bb4 {[%emt 0:00:11]} Qd7 {[%emt 0:00:41]} 53. g4 {[%emt 0:00:14]} Ng5 {[%emt 0:02:39]} 54. gxf5 {[%emt 0:00:17]} e5 {[%emt 0:00:06]} 55. Qg4 {[%emt 0:00:24]} e4 {[%emt 0:00:13]} 56. Nd5 {[%emt 0:00:32]} Qc6 {[%emt 0:01:32]} 57. N1e3 {[%emt 0:00:22]} Qa4+ {[%emt 0:00:25]} 58. b3 {[%emt 0:00:07]} Qe8 {[%emt 0:00:53]} 59. f6 {[%emt 0:00:16]} 1-0

[Event "WTCC-50 2018"]
[Site "Radebeul"]
[Date "2018.07.11"]
[Round "5"]
[White "Schoeneberg, Manfred"]
[Black "Brueggemann, Joachim"]
[Result "1/2-1/2"]
[WhiteElo "2199"]
[BlackElo "2293"]
[Annotator "NA"]
[PlyCount "21"]
[EventDate "2018.07.07"]
[EventType "team-tourn"]
[EventCountry "GER"]
[SourceTitle "playchess.com"]
[Source "ChessBase"]
[SourceQuality "1"]
[TimeControl "40/5400+30:1800+30"]

1. e4 {[%emt 0:00:00]} c5 {[%emt 0:00:00]} 2. Nc3 {[%emt 0:00:22]} Nc6 {[%emt 0:00:00]} 3. Nf3 {[%emt 0:01:00]} a6 {[%emt 0:02:32]} 4. d4 {[%emt 0:00:59]} cxd4 {[%emt 0:00:31]} 5. Nxd4 {[%emt 0:00:06]} e6 {[%emt 0:01:15]} 6. Be3 {[%emt 0:03:09]} Qc7 {[%emt 0:01:58]} 7. Bd3 {[%emt 0:03:34]} Nf6 {[%emt 0:03:50]} 8. h3 {[%emt 0:04:39]} Bb4 {[%emt 0:06:07]} 9. O-O {[%emt 0:02:28]} Nxd4 {[%emt 0:14:45]} 10. Bxd4 {[%emt 0:00:14]} Bc5 {[%emt 0:00:22]} 11. Bxc5 {[%emt 0:08:13]} 1/2-1/2

[Event "WTCC-50 2018"]
[Site "Radebeul"]
[Date "2018.07.11"]
[Round "5"]
[White "Kargoll, Peter"]
[Black "Findlay, Ian T"]
[Result "0-1"]
[WhiteElo "2176"]
[BlackElo "2244"]
[Annotator "ChessBase"]
[PlyCount "98"]
[EventDate "2018.07.07"]
[EventType "team-tourn"]
[EventCountry "GER"]
[SourceTitle "playchess.com"]
[Source "ChessBase"]
[SourceQuality "1"]
[TimeControl "40/5400+30:1800+30"]

1. d4 {[%emt 0:00:00]} Nf6 {[%emt 0:00:00]} 2. Nf3 {[%emt 0:00:00]} d5 {[%emt 0:00:31]} 3. c3 {[%emt 0:06:10]} g6 {[%emt 0:12:58]} 4. Bf4 {[%emt 0:00:58]} Bg7 {[%emt 0:00:10]} 5. e3 {[%emt 0:06:46]} Nbd7 {[%emt 0:04:40]} 6. Be2 {[%emt 0:05:17]} O-O {[%emt 0:02:41]} 7. Ne5 {[%emt 0:08:45]} c6 {[%emt 0:04:14]} 8. Nd2 {[%emt 0:01:46]} Ne4 {[%emt 0:09:43]} 9. Nxd7 {[%emt 0:05:25]} Bxd7 {[%emt 0:03:35]} 10. Nxe4 {[%emt 0:02:07]} dxe4 {[%emt 0:00:03]} 11. Qc2 {[%emt 0:00:49]} Bf5 {[%emt 0:00:26]} 12. g4 {[%emt 0:07:27]} Be6 {[%emt 0:00:31]} 13. Rg1 {[%emt 0:00:34]} Qd5 {[%emt 0:07:25]} 14. b3 {[%emt 0:10:17]} b5 {[%emt 0:00:13]} 15. Rd1 {[%emt 0:00:58]} Rad8 {[%emt 0:05:52]} 16. h4 {[%emt 0:13:04]} h6 {[%emt 0:03:24]} 17. f3 {[%emt 0:07:31]} exf3 {[%emt 0:03:58]} 18. e4 {[%emt 0:00:18]} fxe2 {[%emt 0:00:20]} 19. exd5 {[%emt 0:00:22]} exd1=Q+ {[%emt 0:00:08]} 20. Qxd1 {[%emt 0:06:32]} Rxd5 {[%emt 0:00:11]} 21. b4 {[%emt 0:01:42]} Ra8 {[%emt 0:00:51]} 22. Qc1 {[%emt 0:05:06]} a5 {[%emt 0:02:00]} 23. bxa5 {[%emt 0:01:01]} Rxa5 {[%emt 0:00:10]} 24. a3 {[%emt 0:00:05]} c5 {[%emt 0:03:47]} 25. dxc5 {[%emt 0:01:12]} Rxc5 {[%emt 0:00:43]} 26. Rg3 {[%emt 0:00:13]} Kh7 {[%emt 0:01:17]} 27. h5 {[%emt 0:00:33]} g5 {[%emt 0:03:53]} 28. Qb1+ {[%emt 0:00:16]} Kg8 {[%emt 0:04:00]} 29. Bd2 {[%emt 0:01:22]} Ra4 {[%emt 0:03:17]} 30. Rd3 {[%emt 0:01:51]} Rxg4 {[%emt 0:07:25]} 31. Rd8+ {[%emt 0:00:33]} Bf8 {[%emt 0:00:02]} 32. Rxf8+ {[%emt 0:02:37]} Kxf8 {[%emt 0:00:02]} 33. Qh7 {[%emt 0:00:08]} Ke8 {[%emt 0:00:44]} 34. Qxh6 {[%emt 0:01:17]} Re5+ {[%emt 0:00:26]} 35. Kf2 {[%emt 0:00:28]} Rf5+ {[%emt 0:00:44]} 36. Ke3 {[%emt 0:00:10]} Bd5 {[%emt 0:01:51]} 37. Qb6 {[%emt 0:02:36]} Rf3+ {[%emt 0:04:59]} 38. Ke2 {[%emt 0:00:05]} Rg2+ {[%emt 0:00:07]} 39. Ke1 {[%emt 0:00:34]} Rh3 {[%emt 0:04:57]} 40. Qb8+ {[%emt 0:01:22]} Kd7 {[%emt 0:00:01]} 41. Qxb5+ {[%emt 0:30:08]} Ke6 {[%emt 0:31:38]} 42. Qa6+ {[%emt 0:02:02]} Ke5 {[%emt 0:03:10]} 43. Qf1 {[%emt 0:00:00]} Bf3 {[%emt 0:00:00]} 44. Qb5+ {[%emt 0:00:00]} Kf6 {[%emt 0:00:00]} 45. Bxg5+ {[%emt 0:00:00]} Rxg5 {[%emt 0:00:00]} 46. Qb6+ {[%emt 0:00:00]} Kg7 {[%emt 0:00:00]} 47. Qd4+ {[%emt 0:00:00]} f6 {[%emt 0:00:00]} 48. h6+ {[%emt 0:00:00]} Kf7 {[%emt 0:00:00]} 49. Qc4+ {[%emt 0:00:00]} Bd5 {[%emt 0:00:00]} 0-1

[Event "WTCC-50 2018"]
[Site "Radebeul"]
[Date "2018.07.11"]
[Round "5"]
[White "Sirotkina, Nina"]
[Black "Bowmer, Kevin"]
[Result "1-0"]
[WhiteElo "2175"]
[BlackElo "2039"]
[Annotator "NA"]
[PlyCount "61"]
[EventDate "2018.07.07"]
[EventType "team-tourn"]
[EventCountry "GER"]
[SourceTitle "playchess.com"]
[Source "ChessBase"]
[SourceQuality "1"]
[TimeControl "40/5400+30:1800+30"]

1. d4 {[%emt 0:00:00]} Nf6 {[%emt 0:00:00]} 2. Nf3 {[%emt 0:00:54]} g6 {[%emt 0:00:00]} 3. Bg5 {[%emt 0:00:43]} Bg7 {[%emt 0:00:44]} 4. Nbd2 {[%emt 0:01:59]} h6 {[%emt 0:03:47]} 5. Bh4 {[%emt 0:03:25]} d6 {[%emt 0:02:43]} 6. c3 {[%emt 0:08:00]} Nbd7 {[%emt 0:03:18]} 7. e4 {[%emt 0:01:25]} g5 {[%emt 0:09:55]} 8. Bg3 {[%emt 0:00:43]} Nh5 {[%emt 0:02:06]} 9. Be2 {[%emt 0:05:12]} e6 {[%emt 0:09:57]} 10. O-O {[%emt 0:12:24]} O-O {[%emt 0:04:04]} 11. Ne1 {[%emt 0:06:00]} Nxg3 {[%emt 0:03:19]} 12. hxg3 {[%emt 0:02:39]} c5 {[%emt 0:11:49]} 13. dxc5 {[%emt 0:06:18]} dxc5 {[%emt 0:03:13]} 14. Nc4 {[%emt 0:01:36]} Nf6 {[%emt 0:06:27]} 15. Qc2 {[%emt 0:01:58]} Qc7 {[%emt 0:04:13]} 16. Rd1 {[%emt 0:01:08]} Bd7 {[%emt 0:01:58]} 17. e5 {[%emt 0:16:22]} Nd5 {[%emt 0:01:43]} 18. Qe4 {[%emt 0:02:01]} Bc6 {[%emt 0:08:28]} 19. Bd3 {[%emt 0:02:23]} Rfd8 {[%emt 0:01:59]} 20. f4 {[%emt 0:13:45]} g4 {[%emt 0:09:47]} 21. Qh7+ {[%emt 0:02:46]} Kf8 {[%emt 0:00:10]} 22. f5 {[%emt 0:00:53]} exf5 {[%emt 0:02:33]} 23. Rxf5 {[%emt 0:01:56]} Bd7 {[%emt 0:02:19]} 24. Rxf7+ {[%emt 0:02:43]} Kxf7 {[%emt 0:00:16]} 25. Nd6+ {[%emt 0:00:29]} Kf8 {[%emt 0:01:54]} 26. Nc2 {[%emt 0:00:21]} Be8 {[%emt 0:02:18]} 27. Rf1+ {[%emt 0:01:03]} Bf7 {[%emt 0:00:50]} 28. Nxf7 {[%emt 0:01:29]} Qxf7 {[%emt 0:00:53]} 29. Rxf7+ {[%emt 0:00:16]} Kxf7 {[%emt 0:00:04]} 30. Qg6+ {[%emt 0:00:44]} Kf8 {[%emt 0:00:18]} 31. e6 {[%emt 0:00:28]} 1-0